Music Quiz

Random Music Quiz

Fall Out Boy fill in the blanks Quiz Stats

 Plays Quiz not verified by Sporcle

Score 0/20 Timer 10:00
0 Plays Today
Title Answer % Correct
_____ TogetherAlone
96.6%
_____ ValleyDeath
96.1%
A Little Less Sixteen Candles, A Little More '_____ __'Touch Me
95.8%
This Ain't a Scene, ____ __ ____ ____It's an Arms Race
95.6%
Jet Pack _____Blues
95.3%
The Kids ______ _______Aren't Alright
95.1%
America's ___________Suitehearts
94.4%
Nobody ____ ____ in The CornerPuts Baby
94.1%
Fame < ______Infamy
91.1%
Chicago is __ ___ Years AgoSo Two
90.8%
Title Answer % Correct
Get Busy Living or ___ ____ _____Get Busy Dying
88.7%
The (After) Life of ___ _____the Party
87.8%
________ at Space CampHomesick
87.4%
Of All The ___ ______ in All The WorldGin Joints
86.7%
The (_______) Gold StandardShipped
85.9%
w._.m._as
84.5%
I've Got All ____ _______ __ __ ____ and None on My FingersThis Ringing in My Ears
81.9%
The ______ ______ of LoveCarpal Tunnel
79.3%
G.I.N.A._._._SFS
76.3%
The ______ _____ of Liars and FakesPatron Saint
72.7%

You're not logged in!

Compare scores with friends on all Sporcle quizzes.
OR
Log In

Sporcle TV

Today on Sporcle TV


Watch our educational content, quiz creation guides, and fun videos on Sporcle TV.

Show Comments

Extras

Created Jan 16, 2015ReportNominate
Tags:Fall Out Boy

Top Quizzes Today


Score Distribution

Your Account Isn't Verified!

In order to create a playlist on Sporcle, you need to verify the email address you used during registration. Go to your Sporcle Settings to finish the process.

Report this User

Report this user for behavior that violates our Community Guidelines.

Details: